000 01383nam a22003017a 4500
001 8119
003 FISKH
005 20250916114027.0
008 250827b cb ||||| |||| 00| 0 eng d
020 _a9789996301551
040 _aFISKH
_bkhr
_cFISKH
_dFISKH
050 _aPZ7
100 _aSun, Ven
245 _aល្បើក ចាប និងស្វា :
_bThe sparrow and the monkey លំនាំរឿងពាក្យរាយ ដកស្រង់ពីសៀវភៅស្រីហិតោបទេស​/
_cរៀបរៀងជាពាក្យកាព្យដោយ​ លោក វ៉ែន សុន ,​ វិចិត្រកររូបភាពដោយ លោក សម សារ៉ាត​
260 _aភ្នំពេញ :
_bReading Book ,
_c2012 .
300 _a20 pages :
_bcolor illustrations ;
_c25 cm .
490 _aពិភពរឿងនិទាន
505 _aP
520 _aកំនាព្យបទព្រហ្មគីតិ
520 _aKhmer Poetry : Brahma's Song Meter
521 8 _a650
_bLexile estimate
521 8 _aP
_bRaz-Plus
650 _aល្បើកចាប និងស្វា​
_vរឿងនិទានកុមារ
650 _aThe sparrow and the monkey
_vChildren's stories
700 _aSarat, Sam
_eIllustrator
942 _2ddc
_cKHB
_n0
999 _c8119
_d8119